00842nam a2200181Ia 4500003000900000008004100009040001600050080001900066111011700085245023500202260003500437300001000472490008100482650004100563650001700604650002000621700001900641IN-BaIIA211028s9999 xx 000 0 eng d cIIA Library a063:53bENF-24 aInternational School of Physics "Enrico Fermi" CoursecVarenna Sul Lago di Como, Villa Monasterod1962 June 4-16 0aSpace exploration and the solar systembproceedings of the international school of Physics "Enrico Fermi" course held in Varenna Sul Lago di Como, Villa Monasteroc edited by B. Rossi  aNew YorkbAcademic Pressc1964 a311p. aProceedings of the international school of Physics Enrico Fermi course v. 24 aAstronomy and Astrophysics thesaurus aSolar system aSpace astronomy aRossi, B., ed.